000 00890nam 22002293 4500
001 6146
010 _a978-972-8646-83-7
021 _b502002/22
090 _a6146
100 _a20260331d2022 u||y0pory50 ba
200 _aAgarra a Etiqueta Energética
_fAdene
210 _cAdene - Agência para a Energia
215 _a9 p.
_cmuito il.
330 _aA ADENE desenvolveu um recurso pedagógico dedicado aos consumidores mais jovens, composto num novo livro de atividades infantil "Agarra a Etiqueta", em formato digital e físico, onde as crianças podem descobrir as novas etiquetas energéticas e aprender mais sobre energia.
606 _9804
_aPublicação para jovens
606 _9600
_aAmbiente
675 _a087.5
_vBN
_zpor
675 _a502/504
_vBN
_zpor
710 _95813
_aADENE - Agência para a Energia
801 _aPT
_bBMVN
_gRPC
830 _cInês Silva
_d31/03/2026
990 _cLIVROS